书目信息 |
| 题名: |
配电线路工
|
|
| 作者: | 马振良 编 | |
| 分册: | ||
| 出版信息: | 北京 中国电力出版社 2007.07 |
|
| 页数: | 21, 394页 | |
| 开本: | 21cm | |
| 丛书名: | ||
| 单 册: | ||
| 中图分类: | F426.61-44 | |
| 科图分类: | ||
| 主题词: | 供电--gong dian--工业企业--技术教育--中国--试题 | |
| 电子资源: | ||
| ISBN: | 978-7-5083-3789-0 | |
| 000 | 00937nam0 2200241 450 | |
| 001 | 012007545420 | |
| 005 | 20071226114934.00 | |
| 010 | @a978-7-5083-3789-0@dCNY25.00 | |
| 100 | @a20071226d2007 km y0chi0120 ea | |
| 101 | 0 | @achi |
| 102 | @aCN@b110000 | |
| 105 | @ay z 000yy | |
| 106 | @ar | |
| 200 | 1 | @a配电线路工@Apei dian xian lu gong@f马振良编@Fma zhen liang bian |
| 210 | @a北京@c中国电力出版社@d2007.07 | |
| 215 | @a21, 394页@d21cm | |
| 300 | @a供电企业岗位技能培训试题库 | |
| 330 | @a本书以《中华人民共和国职业技能鉴定规范电力行业·配电线路工》为依据,分单项选择题、多项选择题、判断题、问答题、计算题和识绘图题。书中按基础知识、电气设备、运行维护、检修施工和技能操作,基本覆盖了配电线路工作中可能遇到的各类问题。 | |
| 606 | 0 | @a供电@Agong dian@x工业企业@x技术教育@y中国@j试题 |
| 690 | @aF426.61-44@v4 | |
| 701 | 0 | @a马振良@Ama zhen liang@4编 |
| 801 | 0 | @aCN@bQSSK@c20071226 |
| 905 | @b272049-51@dF426.61-44@eM244@f3 | |
| 配电线路工/马振良编.-北京:中国电力出版社,2007.07 |
| 21, 394页;21cm |
| 供电企业岗位技能培训试题库 |
| ISBN 978-7-5083-3789-0:CNY25.00 |
| 本书以《中华人民共和国职业技能鉴定规范电力行业·配电线路工》为依据,分单项选择题、多项选择题、判断题、问答题、计算题和识绘图题。书中按基础知识、电气设备、运行维护、检修施工和技能操作,基本覆盖了配电线路工作中可能遇到的各类问题。 |
| ● |
| 相关链接 |
|
|
|
正题名:配电线路工
索取号:F426.61-44/M244
 
预约/预借
| 序号 | 登录号 | 条形码 | 馆藏地/架位号 | 状态 | 备注 |
| 1 | 272049 | 202720494 | 社科二线422/422社科库 47排3列5层/ [索取号:F426.61-44/M244] | 在馆 | |
| 2 | 272050 | 202720500 | 社科二线422/422社科库 47排4列1层/ [索取号:F426.61-44/M244] | 在馆 | |
| 3 | 272051 | 202720519 | 社科二线422/409社科库 55排3列4层/ [索取号:F426.61-44/M244] | 在馆 |